000 00557nam a22001817a 4500
005 20251108165325.0
008 250721s1992 xx 000 0 ara d
082 1 4 _a635/أحم
100 1 _aحسن، أحمد عبد المنعم
245 1 0 _aإنتاج الخضر /
264 1 _aالقاهرة :
_bجامعة القاهرة - التعليم المفتوح،
_c1992.
300 _a417ص
650 1 7 _aالخضروات
650 1 7 _aعلم البساتين
700 1 _aبدوي، محمد عبد الحميد
942 _2ddc
_cBK
999 _c25076
_d25076